<?xml version="1.0" encoding="UTF-8"?>
<record
    xmlns:xsi="http://www.w3.org/2001/XMLSchema-instance"
    xsi:schemaLocation="http://www.loc.gov/MARC21/slim http://www.loc.gov/standards/marcxml/schema/MARC21slim.xsd"
    xmlns="http://www.loc.gov/MARC21/slim">

  <leader>01800nam a2200229Ia 4500</leader>
  <controlfield tag="003">OSt</controlfield>
  <controlfield tag="005">20211008113733.0</controlfield>
  <controlfield tag="008">210310s1993    ck ao  gr     000 0 spa d</controlfield>
  <datafield tag="040" ind1=" " ind2=" ">
    <subfield code="a">CO-JMCR</subfield>
    <subfield code="c">CO-JMCR</subfield>
  </datafield>
  <datafield tag="041" ind1="0" ind2=" ">
    <subfield code="a">spa</subfield>
  </datafield>
  <datafield tag="082" ind1="0" ind2="4">
    <subfield code="a">338.17373 /</subfield>
    <subfield code="b">M533m</subfield>
    <subfield code="2">23</subfield>
  </datafield>
  <datafield tag="110" ind1="2" ind2=" ">
    <subfield code="a">Foro Hablemos de Caf&#xE9;</subfield>
    <subfield code="n">(56a. : </subfield>
    <subfield code="d">1992 :</subfield>
    <subfield code="d">Manizales)</subfield>
    <subfield code="9">41042</subfield>
  </datafield>
  <datafield tag="245" ind1="1" ind2="0">
    <subfield code="a">Memorias del foro hablemos de caf&#xE9; realizado durante la LVI asamblea anual de la asociaci&#xF3;n nacional de exportadores de caf&#xE9; de Colombia </subfield>
    <subfield code="c">Asociaci&#xF3;n de exportadores de Caf&#xE9; de Colombia </subfield>
  </datafield>
  <datafield tag="250" ind1=" " ind2=" ">
    <subfield code="a">Primera edici&#xF3;n</subfield>
  </datafield>
  <datafield tag="260" ind1=" " ind2=" ">
    <subfield code="a">Bogot&#xE1; : </subfield>
    <subfield code="b">J. R. Berm&#xFA;dez, </subfield>
    <subfield code="c">1992.</subfield>
  </datafield>
  <datafield tag="300" ind1=" " ind2=" ">
    <subfield code="a">72 p&#xE1;ginas : </subfield>
    <subfield code="b">ilustraciones y fotograf&#xED;as en blanco y negro ; </subfield>
    <subfield code="c">28 cm.</subfield>
  </datafield>
  <datafield tag="505" ind1="0" ind2=" ">
    <subfield code="t">El futuro es promisorio. /
</subfield>
    <subfield code="r">Dr. Gustavo Gaviria Angel. -- </subfield>
    <subfield code="t">Instalaci&#xF3;n a cargo del Sr. ministro de Comercio Exterior. /</subfield>
    <subfield code="r">Dr. Juan Manuel Santos. -- </subfield>
    <subfield code="t">El reto de la apertura. /</subfield>
    <subfield code="r">Dr. Bernardo Vargas Gibsone. -- </subfield>
    <subfield code="t">Podemos ser m&#xE1;s productivos. /</subfield>
    <subfield code="r">Dr. Carlos Ossa Escobar. -- </subfield>
    <subfield code="t">Situaci&#xF3;n presente y perspectivas de la caficultura. /</subfield>
    <subfield code="r">Dr. Hernando Jos&#xE9; G&#xF3;mez. -- </subfield>
    <subfield code="t">Perspectivas mundiales del caf&#xE9;. /</subfield>
    <subfield code="r">Dr. Diego Pizano Salazar. -- </subfield>
    <subfield code="t">Las instituciones cafeteras son nuestra fortaleza. /</subfield>
    <subfield code="r">Dr. Jorge Manrique. -- </subfield>
    <subfield code="t">La pol&#xED;tica macroecon&#xF3;mica y el caf&#xE9;. /</subfield>
    <subfield code="r">Dr. Roberto Junguito Bonnet. -- </subfield>
    <subfield code="t">De la cultura del caf&#xE9; a la de la eficiencia. /</subfield>
    <subfield code="r">C&#xE9;sar Vallejo. -- </subfield>
    <subfield code="t">El futuro del caf&#xE9;: la perspectiva de largo plazo. /</subfield>
    <subfield code="r">Armando Montenegro. -- </subfield>
    <subfield code="t">Con moderado optimismo. /</subfield>
    <subfield code="r">Dr. Gabriel Rosas Vega. -- </subfield>
    <subfield code="t">La econom&#xED;a cafetera en 1991-1992: perspectivas. /</subfield>
    <subfield code="r">Jorge C&#xE1;rdenas Guti&#xE9;rrez. -- </subfield>
  </datafield>
  <datafield tag="650" ind1="1" ind2="4">
    <subfield code="a">Caf&#xE9;</subfield>
    <subfield code="x">Foro</subfield>
    <subfield code="z">Colombia</subfield>
    <subfield code="9">28830</subfield>
  </datafield>
  <datafield tag="650" ind1="2" ind2="4">
    <subfield code="a">Industria </subfield>
    <subfield code="v">Foro</subfield>
    <subfield code="x">Caf&#xE9; </subfield>
    <subfield code="z">Colombia</subfield>
    <subfield code="9">41043</subfield>
  </datafield>
  <datafield tag="650" ind1="2" ind2="4">
    <subfield code="a">Comercio</subfield>
    <subfield code="x">Congresos, conferencias,</subfield>
    <subfield code="z">Colombia</subfield>
    <subfield code="9">41044</subfield>
  </datafield>
  <datafield tag="942" ind1=" " ind2=" ">
    <subfield code="2">ddc</subfield>
    <subfield code="c">BK</subfield>
  </datafield>
  <datafield tag="999" ind1=" " ind2=" ">
    <subfield code="c">12649</subfield>
    <subfield code="d">12649</subfield>
  </datafield>
  <datafield tag="952" ind1=" " ind2=" ">
    <subfield code="0">0</subfield>
    <subfield code="1">0</subfield>
    <subfield code="2">ddc</subfield>
    <subfield code="4">0</subfield>
    <subfield code="7">0</subfield>
    <subfield code="a">CPL</subfield>
    <subfield code="b">CPL</subfield>
    <subfield code="c">GEN</subfield>
    <subfield code="d">2018-04-15</subfield>
    <subfield code="e">Donaci&#xF3;n</subfield>
    <subfield code="o">338.17373 / M533m</subfield>
    <subfield code="p">430005192</subfield>
    <subfield code="r">2024-05-16 00:00:00</subfield>
    <subfield code="t">Ej.1</subfield>
    <subfield code="w">2021-03-10</subfield>
    <subfield code="y">BK</subfield>
  </datafield>
</record>
